| 000 | 07006cam a2200865 i 4500 | ||
|---|---|---|---|
| 001 | 20775266 | ||
| 003 | NUST | ||
| 005 | 20220827162402.0 | ||
| 008 | 181203t20192019nyuaf b 001 0aeng c | ||
| 010 | _a 2018055431 | ||
| 020 |
_a9780525560715 _q(hardcover) |
||
| 020 |
_a0525560718 _q(hardcover) |
||
| 020 |
_z9780525560722 _q(ebook) |
||
| 035 | _a(OCoLC)on1044532611 | ||
| 038 | _aAzhar | ||
| 040 |
_aPUL _beng _cPUL _erda _dOI6 _dTCH _dBUR _dOQX _dQQ3 _dLIV _dILC _dCGP _dGK8 _dOCLCF _dTXN _dWSD _dYDX _dDLC _dNDS _dKVIJL _dNCRJL _dCSA _dWL8 _dOCLCO _dDF$ _dSSH _dOCLCO _dDLC |
||
| 042 | _apcc | ||
| 043 |
_an-us--- _an-us-ca |
||
| 050 | 0 | 0 |
_aE901.1.H37 _bA3 2019 |
| 082 |
_a328.73092 _bHAR |
||
| 100 | 1 |
_aHarris, Kamala, _d1964- _eauthor. _993834 |
|
| 245 | 1 | 4 |
_aThe truths we hold : _ban American journey _cKamala Harris. |
| 260 |
_aNew York : _bPenguin Press, _c2019. |
||
| 300 |
_axvii, 318 pages, 32 unnumbered pages of plates : _billustrations (chiefly color) ; _c25 cm |
||
| 336 |
_atext _btxt _2rdacontent |
||
| 337 |
_aunmediated _bn _2rdamedia |
||
| 338 |
_avolume _bnc _2rdacarrier |
||
| 504 | _aIncludes bibliographical references and index. | ||
| 505 | 0 | _aFor the people -- A voice for justice -- Underwater -- Wedding bells -- I say we fight -- We are better than this -- Every body -- The cost of living -- Smart on security -- What I've learned. | |
| 520 | _a"Senator Kamala Harris's commitment to speaking truth is informed by her upbringing. The daughter of immigrants, she was raised in an Oakland, California community that cared deeply about social justice; her parents -- an esteemed economist from Jamaica and an admired cancer researcher from India -- met as activists in the civil rights movement when they were graduate students at Berkeley. Growing up, Harris herself never hid her passion for justice, and when she became a prosecutor out of law school, a deputy district attorney, she quickly established herself as one of the most innovative change agents in American law enforcement. She progressed rapidly to become the elected District Attorney for San Francisco, and then the chief law enforcement officer of the state of California as a whole. Known for bringing a voice to the voiceless, she took on the big banks during the foreclosure crisis, winning a historic settlement for California's working families. Her hallmarks were applying a holistic, data-driven approach to many of California's thorniest issues, always eschewing stale "tough on crime" rhetoric as presenting a series of false choices. Neither "tough" nor "soft" but smart on crime became her mantra. Being smart means learning the truths that can make us better as a community, and supporting those truths with all our might. That has been the pole star that guided Harris to a transformational career as the top law enforcement official in California, and it is guiding her now as a transformational United States Senator, grappling with an array of complex issues that affect her state, our country, and the world, from health care and the new economy to immigration, national security, the opioid crisis, and accelerating inequality. By reckoning with the big challenges we face together, drawing on the hard-won wisdom and insight from her own career and the work of those who have most inspired her, Kamala Harris offers in [this book] a master class in problem solving, in crisis management, and leadership in challenging times. Through the arc of her own life, on into the great work of our day, she communicates a vision of shared struggle, shared purpose, and shared values. In a book rich in many home truths, not least is that a relatively small number of people work very hard to convince a great many of us that we have less in common than we actually do, but it falls to us to look past them and get on with the good work of living our common truth. When we do, our shared effort will continue to sustain us and this great nation, now and in the years to come."--Dust jacket. | ||
| 600 | 1 | 0 |
_aHarris, Kamala, _d1964- _993834 |
| 600 | 1 | 0 |
_aHarris, Kamala, _d1964- _xPolitical and social views. _993835 |
| 600 | 1 | 4 |
_aHarris, Kamala, _d1964- _993834 |
| 600 | 1 | 4 |
_aHarris, Kamala, _d1964- _xPolitical and social views. _993835 |
| 610 | 1 | 0 |
_aUnited States. _bCongress. _bSenate _vBiography. _910901 |
| 610 | 2 | 4 |
_aUnited States _bCongress _bSenate _vBiography. _910901 |
| 610 | 1 | 7 |
_aUnited States. _bCongress. _bSenate. _2fast _0(OCoLC)fst00530422 _993836 |
| 650 | 0 |
_aNational characteristics, American. _98029 |
|
| 650 | 0 |
_aJustice, Administration of _xPolitical aspects _zUnited States. _993837 |
|
| 650 | 0 |
_aAfrican American women legislators _vBiography. _993838 |
|
| 650 | 0 |
_aLegislators _zUnited States _vBiography. _910903 |
|
| 650 | 0 |
_aPublic prosecutors _zCalifornia _zSan Francisco _vBiography. _993839 |
|
| 650 | 0 |
_aAttorneys general _zCalifornia _vBiography. _993840 |
|
| 650 | 1 |
_aJustice, Administration of. _xPolitical aspects _zUnited States. _993837 |
|
| 650 | 4 |
_aPublic prosecutors _zCalifornia _zSan Francisco _vBiography. _993839 |
|
| 650 | 4 |
_aLegislators _zUnited States _vBiography. _910903 |
|
| 650 | 4 |
_aJustice, Administration of _xPolitical aspects _zUnited States. _993837 |
|
| 650 | 4 |
_aAfrican American women legislators _vBiography. _993838 |
|
| 650 | 4 |
_aAttorneys general _zCalifornia _vBiography. _993840 |
|
| 650 | 4 |
_aNational characteristics, American. _98029 |
|
| 650 | 7 |
_aBIOGRAPHY & AUTOBIOGRAPHY / Political. _2bisacsh _993841 |
|
| 650 | 7 |
_aBIOGRAPHY & AUTOBIOGRAPHY / Women. _2bisacsh _935 |
|
| 650 | 7 |
_aPOLITICAL SCIENCE / American Government / National. _2bisacsh _993842 |
|
| 650 | 7 |
_aAfrican American women legislators. _2fast _0(OCoLC)fst00799506 _993843 |
|
| 650 | 7 |
_aAttorneys general. _2fast _0(OCoLC)fst00820898 _993844 |
|
| 650 | 7 |
_aJustice, Administration of _xPolitical aspects. _2fast _0(OCoLC)fst00985187 _993845 |
|
| 650 | 7 |
_aLegislators. _2fast _0(OCoLC)fst00995828 _993846 |
|
| 650 | 7 |
_aNational characteristics, American. _2fast _0(OCoLC)fst01033342 _98029 |
|
| 650 | 7 |
_aPolitical and social views. _2fast _0(OCoLC)fst01353986 _993847 |
|
| 650 | 7 |
_aPolitics and government. _2fast _0(OCoLC)fst01919741 _91501 |
|
| 650 | 7 |
_aPublic prosecutors. _2fast _0(OCoLC)fst01082827 _993848 |
|
| 651 | 0 |
_aUnited States _xPolitics and government _xPhilosophy. _993849 |
|
| 651 | 4 |
_aUnited States _xPolitics and government _xPhilosophy. _993849 |
|
| 651 | 7 |
_aCalifornia. _2fast _0(OCoLC)fst01204928 _993850 |
|
| 651 | 7 |
_aCalifornia _zSan Francisco. _2fast _0(OCoLC)fst01204481 _993851 |
|
| 651 | 7 |
_aUnited States. _2fast _0(OCoLC)fst01204155 |
|
| 655 | 4 |
_aBiographies. _933106 |
|
| 655 | 7 |
_aBiography. _2fast _0(OCoLC)fst01423686 _993739 |
|
| 655 | 7 |
_aBiographies. _2lcgft _933106 |
|
| 776 | 0 | 8 |
_iOnline version: _aHarris, Kamala D. _tTruths we hold. _dNew York : Penguin Press, 2019 _z9780525560722 _w(DLC) 2018059722 |
| 906 |
_a7 _bcbc _cpccadap _d2 _eepcn _f20 _gy-gencatlg |
||
| 942 |
_2ddc _cLC |
||
| 999 |
_c590360 _d590360 |
||